| 000 | 01045nam a22002297a 4500 | ||
|---|---|---|---|
| 999 |
_c59067 _d59067 |
||
| 003 | Ge_BSU | ||
| 005 | 20221116105059.0 | ||
| 008 | 221115s1953 ge ||||| |||| 00| 0 geo d | ||
| 041 | _ageo | ||
| 080 | _a34(479.22)(093) დ-72 | ||
| 100 |
_aდოლიძე, ი. _93777 |
||
| 245 |
_aძველი ქართული სამართალი / _cი. დოლიძე ; [რედ.: ილ. აბულაძე]. |
||
| 264 |
_aთბილისი : _bთბილ. უნ-ტის გამ-ბა, _c1953. |
||
| 300 |
_a379 გვ. ; _b23 სმ. |
||
| 500 | _aგაშლილი თავფ. რუს. ენაზე. | ||
| 504 | _aბიბლიოგრ. შენიშვნებში | ||
| 653 | _aქართული სამართლის ისტორია | ||
| 653 | _aქართული სამართლის ძეგლები | ||
| 653 | _aსამართალი | ||
| 700 |
_aაბულაძე, ილია _eრედაქტორი. _93494 |
||
| 942 |
_2udc _cBK |
||